Código Penal vigente: texto, orígenes y doctrina legal; tablas de penalidad con su completa descomposición en grados y subgrados y suplemento de disposiciones penales complementarias

Na minha lista:
Detalhes bibliográficos
Autor principal: Barroso y Arrieta, José M (Author)
Formato: Livro
Idioma:espanhol
Publicado em: Barcelona J. Casamajó 1907
Edição:1a. ed
Assuntos:
Tags: Adicionar Tag
Sem tags, seja o primeiro a adicionar uma tag!

MARC

LEADER 00000cam a2200000 a 4500
001 UCC4317
003 CL-VaPUC
008 180727e19070000sp |||||||||||||||||spa|d
082 0 4 |a 345.4602  |b BAR  |2 21 
100 0 |a Barroso y Arrieta, José M  |e author  |9 598512 
245 1 0 |a Código Penal vigente: texto, orígenes y doctrina legal; tablas de penalidad con su completa descomposición en grados y subgrados y suplemento de disposiciones penales complementarias 
250 |a 1a. ed 
300 |a 607 p 
942 |c BK 
945 |d 20180727 12:54:00  |a dcastane 
260 |a Barcelona  |b J. Casamajó  |c 1907 
650 7 |a CODIGO PENAL ESPAÑOL  |2 CL-VaPUC  |9 450862 
650 0 |a Delitos  |9 224143 
650 7 |a DERECHO PROCESAL ESPAÑOL  |2 CL-VaPUC  |9 598452 
583 |a last modification  |c 20180727 12:54:00  |k Rodrigo Vera 
999 |c 371870  |d 371868 
952 |0 0  |1 0  |3 erd  |4 0  |6 345_460200000000000_BAR_1907  |7 0  |8 P  |9 489068  |a BIBDER  |b BIBDER  |e Mateluna Arestizabal, Alfredo Sergio  |i 5483514  |o 345.4602 BAR 1907  |p 5483514  |r 2023-01-25  |w 2019-11-24  |y BK  |z Catalogado en:20180727  |k DER